MDQL
is popping MORE tags! Check the
thread
!
Quizzes
Events
Quiz Creation
Community
Videos
Private Events
Remove Ads
Sign In
Join for FREE
Feedback
Dark Mode
Quiz Categories
Sports
Geography
Music
Movies
Television
Just For Fun
Miscellaneous
History
Literature
Language
Science
Gaming
Entertainment
Religion
Holiday
For Kids
Quiz Lab
Recent
Popular Today
Quiz Kudos Today
Editor Picks
Curator Picks
Quizzes by...
Day
Popularity
Type
Ratings
Length
Year
Community
Subscriptions
Recent Discussions
Orange Saloon
Badges
Playlists
Quests
Create
Leaderboards
Showdown
Live 5
Trivia Bingo
Activity
Puzzle Library
Sporcle Events
Private Events
Virtual Trivia
Globe League
Become a Host
Pub Owners
SporcleCon
Opinionation
Our Games
Videos
Blog
Mobile Apps
Partnerships
Remove Ads and Go Orange
Feedback
Geography
Country
Landmarks
City
State
Population
World
Capital
Continent
Flags
Europe
Africa
Asia
South America
North America
Oceania
Border
Canada
United Kingdom
Topography
United States
Geography
Country
Landmarks
City
State
Population
World
Capital
Continent
Flags
Europe
Africa
Asia
South America
North America
Oceania
Border
Canada
United Kingdom
Topography
United States
Random Quiz
Search Sporcle
×
Quiz Lab
Quiz Lab
Geography
State
Type in answers that appear in a list
Type in answers that appear in a list
Classic
Best Score? Go Orange.
States by Current Governor (April 2010) Stats
Can you name the States by Current Governor (April 2010)?
By
sophieco
10m
50 Questions
134 Plays
134 Plays
134 Plays
Comments
Comments
Give Quiz Kudos
Give Quiz Kudos
-
- Ratings
hide this ad
Forced Order
Answers have to be entered in order
Answers have to be entered in order
Random Order
Randomize order of answers
Randomize order of answers
Replay
Link that replays current quiz
Next Quiz
Link to next quiz in quiz playlist
You Got
0%
They Got
Avg Score
69%
Avg Friend Score
Upgrade to see
Score Distribution
Jump to the score distribution portion of the page
Score
0/50
Timer
10:00
0
Plays Today
Governor
State
% Correct
Arnold Schwarzenegger
California
95.5%
Bobby Jindal
Louisiana
88.8%
Mark Sanford
South Carolina
88.1%
David Paterson
New York
85.1%
Charlie Crist
Florida
83.6%
Rick Perry
Texas
83.6%
Bill Richardson
New Mexico
82.8%
Tim Pawlenty
Minnesota
81.3%
Chris Christie
New Jersey
80.6%
Ed Rendell
Pennsylvania
79.9%
Deval Patrick
Massachusetts
79.1%
Haley Barbour
Mississippi
76.9%
Sonny Perdue
Georgia
76.1%
Ted Strickland
Ohio
76.1%
Jennifer Granholm
Michigan
75.4%
Bob McDonnell
Virginia
73.1%
Jan Brewer
Arizona
72.4%
Sean Parnell
Alaska
70.9%
Mitch Daniels
Indiana
70.9%
Pat Quinn
Illinois
70.1%
John Baldacci
Maine
69.4%
Martin O'Malley
Maryland
69.4%
Brian Schweitzer
Montana
68.7%
Laura Lingle
Hawaii
67.9%
Jay Nixon
Missouri
67.9%
Governor
State
% Correct
Butch Otter
Idaho
66.4%
Christine Gregoire
Washington
66.4%
Donald Carcieri
Rhode Island
65.7%
Mike Beebe
Arkansas
64.9%
Ted Kulongoski
Oregon
64.9%
Chet Culver
Iowa
64.2%
Steve Beshear
Kentucky
64.2%
John Hoeven
North Dakota
64.2%
Bill Ritter
Colorado
63.4%
Beverly Perdue
North Carolina
62.7%
Jim Doyle
Wisconsin
62.7%
Bob Riley
Alabama
61.9%
Jack Markell
Delaware
61.2%
John Lynch
New Hampshire
61.2%
Phil Bredesen
Tennessee
61.2%
Joe Manchin
West Virginia
61.2%
M. Jodi Rell
Connecticut
60.4%
Mike Rounds
South Dakota
60.4%
Brad Henry
Oklahoma
59%
Gary Herbert
Utah
59%
Jim Douglas
Vermont
59%
Dave Freudenthal
Wyoming
58.2%
Mark Parkinson
Kansas
57.5%
Dave Heineman
Nebraska
57.5%
Jim Gibbons
Nevada
55.2%
Quiz Playlist
Details
Report
Send in Message
Add To Playlist
Classic:
Type in answers that appear in a list
Forced Order:
Answers have to be entered in order
Random Order:
Randomize order of answers
Last Updated: Feb 16, 2017
Quiz Scoreboard
CHALLENGE
Sign Up to Join the Scoreboard
Show All
Scores
Hide
Comments
May contain spoilers
Recently Published
1-10 Letter E Words III
by El_Dandy
Language
2m
Street Fighter Characters
by Artimus82
Gaming
60s
College Basketball Coaching Resumes
by pancakes188
Sports
9m
More to Explore
Quiz From the Vault
Featured Blog Post
Where Did the Easter Bunny Come From?
hide this ad
You Might Also Like...
Tags
State Quiz
2010
April
Governor
Today's Top Quizzes in Geography
Browse Geography
hide this ad
Today's Top Quizzes in State
Browse State
Top Contributed Quizzes in Geography
1
Countries of the World - No Outlines Minefield
2
Top 25 Cities of France on a map
3
Any capital of a 'B' country per Continent
4
Any capital of a 'C' country per Continent
5
Closest Countries to UK A-Z
6
Any capital of a 'D' country per Continent
7
5-to-1: US Geography No Hints
8
Any capital of an 'E' country per Continent
9
Find the US States - No Outlines
10
Any capital of an 'F' country per Continent
Explore More
Trending Topics
Anime
Kpop
NBA
Marvel
Disney
Harry Potter
Crossword
Pokémon
Country
WWE
Soccer
NFL
Puzzle
Song
The Office
hide this ad
More By:
sophieco
Quiz
Plays
Rating
Category
Featured
Created
States by Current Governor (April 2010)
134
5.00
Geography
Apr 1, 2010
Go to Creator's Profile
Score Distribution
Quiz Creator Spotlight
sophieco
Follow
Send a Message
Quizzes Created
-
Created Quiz Play Count
-
More By This Creator
Popular Quizzes Today
1
Find the US States - No Outlines Minefield
2
Find the Countries of Europe - No Outlines Minefield
3
The Countries of the World
4
Find the US States
5
Risky Map Clicking: Biggest States A-Z
6
US States
7
Popular People in 1961
8
Movies - When Are They Set?
More Geography Quizzes
Five Most Populous European 'B' Cities
Published
Trending Quizzes
Risky Map Clicking: Least Populous States A-Z
1-10 Letter G Words
USA Borders Longest to Shortest
1-10 Letter F Words
Countries of the World: 200 Million BC
Recently Updated
Leaping Animals
pecheneg
Reality TV Shows (A-Z)
bhenderson79
Rickey Henderson's Hall of Fame Teammates
pecheneg
Champions League XIs: Arsenal
pecheneg
Quick Pick: Celebrities in WWE's Hall of Fame
aduchscher
A-Z Keypad Blitz II
pecheneg
Multiple Oscar Actors
pecheneg
Mystery Phrase Blitz: Oscar 'Best Actors'
pecheneg
F. Scott Fitzgerald Novels
LTH
Pick 3 Villains
ddd62291
Trending Topics
Disney
Crossword
Harry Potter
Anime
Kpop
Marvel
NBA
NFL
Song
Country
Puzzle
Pokémon
The Office
Soccer
WWE
Your Account Isn't Verified!
In order to create a playlist on Sporcle, you need to verify the email address you used during registration. Go to your
Sporcle Settings
to finish the process.
Report this User
Report this user for behavior that violates our
Community Guidelines
.
Details:
Send Report
Go to the Sporcle.com Mobile Site →
Comments